Consequences of COVID- 19 on Financial Markets
Výskum prebieha na pozadí bezprecedentnej pandémie COVID-19, ktorá spôsobila značné narušenie globálnych finančných trhov a rôznych sektorov. Táto štúdia skúma vplyv pandémie COVID-19 na globálne finančné trhy s primárnym zameraním na akciové indexy S&P 500 a DOW. Výskum na základe údajov získaných...
Gespeichert in:
| 1. Verfasser: | |
|---|---|
| Weitere Verfasser: | , |
| Format: | Buchkapitel |
| Sprache: | Englisch |
| Schlagworte: | |
| Tags: |
Keine Tags, Fügen Sie das erste Tag hinzu!
|
MARC
| LEADER | 00000naa$a2200000$$$4500 | ||
|---|---|---|---|
| 001 | 0308797 | ||
| 005 | 20250709072712.8 | ||
| 041 | 0 | |a eng | |
| 044 | |a DE | ||
| 245 | 1 | 0 | |a Consequences of COVID- 19 on Financial Markets |c Kristián Kalamen, Rastislav Solej, Zuzana Dzilská |
| 520 | |a Výskum prebieha na pozadí bezprecedentnej pandémie COVID-19, ktorá spôsobila značné narušenie globálnych finančných trhov a rôznych sektorov. Táto štúdia skúma vplyv pandémie COVID-19 na globálne finančné trhy s primárnym zameraním na akciové indexy S&P 500 a DOW. Výskum na základe údajov získaných od Yahoo Finance dôkladne analyzuje dynamické posuny a fluktuácie, ktorých sa tieto indexy prejavujú v rôznych fázach: v období pred pandémiou, na začiatku pandémie a po skončení pandémie, pričom osobitnú pozornosť venuje prvým týždňom krízy. Účelom tohto výskumu je posúdiť mnohostranný vplyv pandémie COVID-19 na globálne finančné trhy s osobitným zameraním na akciové indexy a vybrané sektory a zároveň preskúmať makroekonomické dôsledky. | ||
| 610 | 2 | 0 | |a pandémia |
| 610 | 2 | 0 | |a trhy |
| 610 | 2 | 0 | |a financie |
| 610 | 2 | 0 | |a makroekonomika |
| 610 | 2 | 0 | |a index ekonomickej zraniteľnosti |
| 100 | 1 | |a Kalamen, Kristián, 1996- | |
| 700 | 1 | |a Solej, Rastislav, 1997- | |
| 700 | 1 | |a Dzilská, Zuzana, 1994- | |